Responses for show #2573 - Wednesday, November 8, 1995

1995 Celebrity Jeopardy! game 3.

Contestants

[<< previous game]

Charles Shaughnessy, an actor from The Nanny

Shawntel Smith, a Miss America from Muldrow, Oklahoma

Noah Wyle, an actor from ER

[next game >>]

Jeopardy! Round responses

ENGLISH LIT
LIBATIONS
QUOTATIONS
HISTORIC BANDS
TAKE FIVE
PIGS ON FILM
    $100 3
Little Lord Fauntleroy

Charles
    $100 10
rum

Noah
    $100 1
Psycho

Noah
    $100 8
(Noah: I was thinking bands meant something else.)

Jean Lafitte

Triple Stumper
    $100 16
The Jackson 5

Shawntel
    $100 13
Porky (Pig)

Noah
    $200 4
Chaucer

Charles
    $200 11
orange juice

Noah
    $200 2
"even"

Charles
    $200 22
the Vikings

Noah
    $200 17
(Noah: What, where... What is what, where, when, why, and... how?)

what, when, where, why & who

NoahShawntel
    $200 14
Miss Piggy

Noah
    $300 5
(William Makepeace) Thackeray

Charles
    $300 20
smell it

Noah
    $300 9
(Shawntel: What is Always Win?)
(Alex: No. Nice thought, though.)

Finish Last

ShawntelCharles
    $300 21
Huron, Ontario, Michigan, Erie & Superior

Triple Stumper
    $300 15
(Alex: You're really up on pigs.)
(Noah: It's a little embarrassing, I guess.)

Babe

Noah
    $700 6
(Rudyard) Kipling

Charles
    $400 12
"Mad dogs"

Charles
    $400 18
Animal Farm

Noah
    $500 7
Mr. Chips

Noah
    $500 19
(Charles: What was Fritz the Cat?)
[Laughter]
(Shawntel: Who is Arnold?)

Charlotte's Web

ShawntelCharles
Triple Stumper

Scores at the first commercial break (after clue 11):

Noah Shawntel Charles
$900 -$300 $1,800

Scores at the end of the Jeopardy! Round:

Noah Shawntel Charles
$2,200 -$500 $1,700

Double Jeopardy! Round responses

MEDICINE
U.S. GEOGRAPHY
TV ACTORS & ROLES
WORLD HISTORY
COLLEGES & UNIVERSITIES
OPERA
    $200 11
a heartbeat

Noah
    $200 16
the Gulf of Mexico

Noah
    $200 1
[Noah is visibly locked out, having buzzed in early. He finally gets in, only to...]
(Noah: ...Oh... God. [No response])

Gomer

Noah
Triple Stumper
    $200 2
China

Charles
    $200 23
Nebraska

Noah
    $200 18
Delilah

Charles
    $400 12
rabies

Noah
    $400 17
the Everglades

Charles
    $400 7
Helen Hunt

Charles
    $400 3
the Ayatollah Khomeini

Charles
    $400 24
(Noah: What is the University of Las Vegas?)

the University of Nevada, Las Vegas

NoahCharles
    $400 19
Hungary

Noah
    $600 13
hydrogen peroxide

Charles
    $600 25
the Aleutians

Charles
    $600 8
the Professor

Noah
    $600 4
Greenland

Charles
    $600 27
Oxford University

Charles
    $600 20
an aria

Noah
    $800 14
O type

Noah
    $800 26
[Noah laughs as he gives his response.]
(Alex: What's funny about [*]?)
(Noah: Inside family joke.)

Des Moines

Noah
    $800 9
Leave it to Beaver

Noah
    $2,000 5
Belgium

Charles
    $800 21
Molière

Charles
    $1000 15
Salmonella

Noah
    $1000 10
Mike Wallace

Triple Stumper
    $1000 6
Nicaragua

Charles
    $1000 22
Maria Callas

Charles

Scores at the end of the Double Jeopardy! Round:

Noah Shawntel Charles
$7,600 -$500 $10,900

[wagering suggestions for these scores]

Final Jeopardy! Round responses

VOCABULARY
(Alex: [Before the "Think!" music plays] We're looking for the term.)
...
(Alex: From Sheridan's play The School for Scandal.)
ShawntelWhat [scribble] ?
$250
NoahWhat is a malapropism
$2,500
CharlesWhat is a malapropism
$5,000
malapropism

Final scores:

Noah Shawntel Charles
$10,100 $250 $15,900
2nd place: $10,100 for the John Wayne Cancer Institute + Race to Erase MS 3rd place: $10,000 to the Miss America Foundation Winner: (At least) $15,900 for the Sunshine Mission Church in Santa Monica, California

Game dynamics:

Coryat scores:

Noah Shawntel Charles
$7,600 -$500 $9,400
21 R,
3 W
2 R,
2 W
21 R
(including 2 DDs),
1 W

Combined Coryat: $16,500

The J! Archive is created by fans, for fans. The Jeopardy! game show and all elements thereof, including but not limited to copyright and trademark thereto, are the property of Jeopardy Productions, Inc. and are protected under law. This website is not affiliated with, sponsored by, or operated by Jeopardy Productions, Inc. Join the discussion at JBoard.tv.